000 01030nam a2200301 i 4500
003 DO-SdBNP
005 20250611121345.0
007 ta
008 210421b2020 dr a|||| |||| 00| 0 spa d
040 4 _aDO-SdBNP
_bspa
_cBNPHU
_erda
082 4 _a367
_bM623c
_222
100 _aMichel, José Mieses
_978466
245 1 0 _aClub psicosocial :
_bprimer paso hacia la integración social de las personas con enfermedades mental grave /
_cJosé Mieses Michel
264 _aSanto Domingo :
_bFUNDAPEM,
_c2020.
300 _a28 páginas :
_bilustraciones,
_c10 cm.
336 _2rdacontent
_atexto
_btxt
337 _2rdamedia
_asin mediación
_bn
338 _2rdacarrier
_avolumen
_bnc
500 _aCon el coauspicio de Farmaconal.
500 _aAnexo: Club psicosocial de Los Mina.
504 _aBibliografía : p.26
590 _aInventariado, 2021 / SA
650 0 _aPsicología social
_91574
650 4 _aIntegración Social
_945041
650 4 _aClubes
_919675
_zRepública Dominicana
910 _aSaquino
942 _2ddc
_cLF2
999 _c49776
_d49776